000 00963nam a2200325Ia 4500
003 OSt
005 20220912150551.0
006 a|||||r|||| 00| 0
007 ta
008 220909b |||||||| |||| 00| 0 eng d
020 _a817808502X (pbk)
024 _a15783
037 _b085/05-06, 07/10/2005, N R Book Distributors
037 _cTextual
040 _aCSL
_beng
_cCSL
041 _aeng
082 _aD65,8(B)92, M7;P1-;4
100 _aAbel Peter
245 0 _aIBM PC assembly language and programming
250 _a5
260 _aDelhi Pearson Education,Inc.
_c2001
300 _axiv, 545p.
_ccm.
500 _aAppendix A-F, 508-531p.
_ccm.; Index 533-545p.
_ccm.
650 _a Assembly language
650 _a IBM-PC
650 _a Programming language
650 _aComputer Science
942 _hD65,8(B)92, M7;P1-;4
_cTEXL
_2CC
999 _c50212
_d50212